书目信息 |
| 书名: | The Big picture | |
| 作者: | A. Whitney Brown. | |
| 分册号: | ||
| 分册名: | 出版地: | New York, NY : |
|
| 出版社: | HarperPerennial | |
| 出版时间: | c1991. | |
| 页数: | xi, 180 p. ; | |
| 开本: | 21 cm. | |
| 丛书名: | ||
| 中图分类号: | ||
| 科图分类号: | ||
| 其他分类号: | D771.2 | |
| 主题词: | ||
| 电子资源: | ||
| 000 | 01260pam a2200337 a 450 | |
| 001 | E0756864843 | |
| 005 | 20070515155136.73 | |
| 008 | 900130s1991 nyu 001 0 eng | |
| 010 | @a90055050 | |
| 020 | @a0060968257 (paper) :@c$9.95 ($12.95 Can.). | |
| 035 | @A(DLC) 90055050 | |
| 040 | @aDLC@beng@cDLC@dDLC | |
| 043 | @an-us--- | |
| 050 | 00 | @aE876@b.B758 1991 |
| 082 | 00 | @a973.92/0207@2 20 |
| 090 | @aD771.2 | |
| 099 | @dD771.2@ex128 | |
| 100 | 1 | @aBrown, A. Whitney,@d1952- |
| 245 | 14 | @aThe Big picture :@ban American commentary / @cA. Whitney Brown. |
| 250 | @a1st ed. | |
| 260 | @aNew York, NY :@bHarperPerennial,@cc1991. | |
| 300 | @axi, 180 p. ;@c21 cm. | |
| 500 | @aIncludes index. | |
| 650 | 0 | @aWorld politics@y1985-1995@xHumor. |
| 651 | 0 | @aUnited States@xPolitics and government@y1981-1989@xHumor. |
| 651 | 0 | @aUnited States@xPolitics and government@y1989-1993@xHumor. |
| 906 | @a7@bcbc@corignew@d1@eocip@f19@gy-gencatlg | |
| 922 | @aad | |
| 955 | @apn06 01-30-90; pc14 to bd00 11-16-90; bd03/bd33 to SCD 11-26-90; fd18 11-26-90; fp21 11-29-90; CIP ver. ba14 to SL 09-19-91 | |
| 963 | @aTanya Alessin, 212-207-7335, Harper;@cCONGRESSIONAL LOAN | |
| 991 | @bc-GenColl@hE876@i.B758 1991@p00019391528@tCopy 1@wBOOKS | |
| The Big picture : : an American commentary / / A. Whitney Brown.-1st ed.-New York, NY : : HarperPerennial, , c1991. |
| xi, 180 p. ; ; 21 cm. |
| Includes index. |
| ISBN 0060968257 (paper) :$9.95 ($12.95 Can.). |
| ● |
| 相关链接 |
|
|
|
|
正题名:Big picture
索取号:D771.2/x128
 
预约/预借
| 序号 | 登录号 | 条形码 | 馆藏地/架位号 | 状态 | 备注 |
| 1 | 9058 | 300090586 | 第二样本阅览室/ [索取号:D771.2/x128] | 在馆 |